00446cam a2200169ua 4500001000500000005001700005008003900022040000900061082000800070100003000078245005300108250000900161260004300170300001600213653001400229653003300243304520260515113626.0110922n ii |||gr||||Z||||||asm cMAIN a9201 aBaruah, Padmanath Gohain,11aJivani sangrahaced. by Padmanath Gohain Baruah  a3rd. aguahati:bPublication board assam,991. a303p:c23p. aBiography aBiography of Jivani sangraha